000 00612nam a2200253Ia 4500
003 OSt
005 20221006145013.0
006 a|||||r|||| 00| 0
007 ta
008 221006b |||||||| |||| 00| 0 eng d
020 _c35.00
024 _a13,469
037 _cTextual
040 _aEASL
_cEASL
_beng
041 _2eng
_aeng
082 _aV44Q76.N75, L6
100 _aKAUL P N
245 0 _aFrontier callings
260 _aDelhi
_bVikas Pub.
_c1976
300 _a148p.
_ccm.
490 _v Oth
942 _hV44Q76.N75, L6
_cTEXL
_2CC
999 _c1081555
_d1081555